000 00441nam a22001457a 4500
020 _a0-517-262940
082 _a610
_bGOS/P
100 _aGOSSEL, THOMAS
245 _aPRESCRIPTION DRUGS
260 _aNEW YORK
_bBEEKMAN HOUSE
_c1979
300 _a252
520 _aEVERYTHING YOU NEED TO KNOW ABOUT PRESCRIPTIONS, SIDE EFFECTS, SAVING MONEY, DRUG CONTENTS, HOW THEY WORK, WANT TO ASK YOUR DOCTOR
650 _aHEALTHCARE
_zINDIA
942 _cBK
999 _c1408
_d1408